00402nam a2200133Ia 450000500170000000800410001702000180005808200240007610000280010024500470012826000440017530000150021965000340023420250401114435.0231217s9999 xx 000 0 und d a9788131403471 a658.10954 ALA;1 R aAlagiri, Dhandapani ed. 0aFinancial service in India : recent trends c2006bIcfai university pressaHyderabad axviii, 283 aFinancial,India,recent,trends